000
00227 a2200097 4500
001
49527
100
_a
Fielding
245
_a
Adventures of Joseph Andrew
260
_a
London
_b
Oxford University Press
_c
090
_c
32055
_d
32055
942
_a
NUST-CAE
_c
_c
24509
999
_c
284600
_d
284600